Bohemian Rhapsody Lyrics- Extreme Version - Statistics

General Stats
  • This quiz has been taken 441 times
  • The average score is 15 of 58
Answer Stats
Hint % Correct
Is this the real life?
99%
Is this just fantasy?
93%
Caught in a landslide
90%
No escape from reality
90%
Open your eyes
87%
Look up to the skies and see
81%
I'm just a poor boy, I need no sympathy
71%
Little high, little low
68%
Because I'm easy come, easy go
67%
Mama, just killed a man
57%
Put a gun against his head
56%
Pulled my trigger, now he's dead
53%
Mama, life had just begun
52%
Anyway the wind blows doesn't really matter to me, to me
50%
But now I've gone and thrown it all away
45%
Didn't mean to make you cry
39%
If I'm not back again this time tomorrow
36%
Carry on, carry on as if nothing really matters
33%
Mama, ooh
33%
Too late, my time has come
32%
Goodbye, everybody, I've got to go
22%
Body's aching all the time
21%
Gotta leave you all behind and face the truth
20%
I sometimes wish I'd never been born at all
17%
I don't wanna die
16%
I see a little silhouetto of a man
14%
Sent shivers down my spine
13%
(Galileo) Galileo
10%
Scaramouche, Scaramouche, will you do the Fandango?
10%
Mama, ooh (anyway the wind blows)
9%
Thunderbolt and lightning
9%
Very, very frightening me
9%
Anyway the wind blows
7%
Galileo Figaro
7%
(Galileo) Galileo
7%
He's just a poor boy from a poor family
7%
I'm just a poor boy, nobody loves me
7%
Magnifico
7%
Easy come, easy go, will you let me go?
6%
Nothing really matters
6%
Spare him his life from this monstrosity
6%
Anyone can see
5%
Nothing really matters to me.
5%
Nothing really matters
4%
So you think you can love me and leave me to die?
3%
So you think you can stone me and spit in my eye?
3%
Beelzebub has a devil put aside for me, for me, for me.
2%
Bismillah! No, we will not let you go. (Let him go!)
2%
Bismillah! We will not let you go. (Let him go!)
2%
Oh, baby, can't do this to me, baby
2%
Bismillah! We will not let you go. (Let me go)
1%
Never let me go, oh
1%
Never, never let you go
1%
No, no, no, no, no, no, no
1%
Will not let you go. (Let me go)
1%
Just gotta get out, just gotta get right outta here.
0%
Oh, mamma mia, mamma mia (mamma mia, let me go)
0%
Ooh, ooh yeah, ooh yeah
0%
No matching quizzes found
Score Distribution
Percent of People with Each Score
Percentile by Number Answered
Your Score History
You have not taken this quiz